000 00275nam a2200121Ia 4500
008 190216s9999||||xx |||||||||||||| ||und||
100 _aRachna Prakashan
245 0 _aHindi-Tera Bhana
260 _bNalanda Prakashan
_c2010
300 _a173
650 _aHindi
942 _cBK
999 _c16847
_d16847